| 000 | 00994nam a22002897i 4500 | ||
|---|---|---|---|
| 003 | DO-SdBNP | ||
| 005 | 20230717121152.0 | ||
| 006 | a||||ar|||| 00| 0 | ||
| 007 | ta | ||
| 008 | 110301t2021 dr a 000 j spa d | ||
| 020 | _a9789945930009 | ||
| 040 |
_aDO-SdBNP _bspa _cBNPHU _erda |
||
| 041 |
_aspa _dcro |
||
| 082 |
_bB431m _222 |
||
| 100 | 1 |
_aBelique, Ana _953018 |
|
| 245 | 1 | 3 |
_aLa muñeca de Dieula = Poupe Dieula / _cAna Belique ; traduccion, Marie Carmelle Louis Jean ; ilustraciones, diseño y maquetación, Michelle Ricardo |
| 264 | 4 |
_a[Santo Domingo] : _bAnticanon Infantil, _c©2021 |
|
| 300 |
_a25 páginas : _bIlustraciones ; _c21 cm. |
||
| 336 |
_2rdacontent _atexto _btxt |
||
| 337 |
_2rdamedia _asin medición _bn |
||
| 338 |
_2rdacarrier _avolumen _bnc |
||
| 546 | _aLibro en español y creole | ||
| 590 | _aInventariado, 2023 / MF | ||
| 700 | 1 |
_aLouis Jean, Marie Carmelle, _etraductor _981436 |
|
| 700 | 1 |
_aRicardo, Michelle, _eilustradora _981437 |
|
| 942 |
_2ddc _cLF2 |
||
| 999 |
_c51507 _d51507 |
||